Normal view
MARC view
- Bano, Bahar
Entry Personal Name
001 - CONTROL NUMBER
- control field: 127704
003 - CONTROL NUMBER IDENTIFIER
- control field: NUST
005 - DATE AND TIME OF LATEST TRANSACTION
- control field: 20250123111611.0
008 - FIXED-LENGTH DATA ELEMENTS
- fixed length control field: 250123|| aca||aabn | a|a d
040 ## - CATALOGING SOURCE
- Original cataloging agency: NUST
- Transcribing agency: NUST
100 ## - HEADING--PERSONAL NAME
- Personal name: Bano, Bahar
670 ## - SOURCE DATA FOUND
- Source citation: Work cat.: (NUST): Bano, Bahar, The Dynamics of Protests in Gilgit BaltistanIslamabad
